000 00570nam a2200217Ia 4500
003 OSt
005 20220918192016.0
006 a|||||r|||| 00| 0
007 ta
008 220917b |||||||| |||| 00| 0 eng d
024 _a66,505
037 _cTextual
040 _aARTS
_cARTS
_beng
041 _2eng
_aeng
082 _aR3xG25:9, K2.1
100 _aPhillips R P
_978049
245 0 _aModern thomistic philosophy
_b an explanation for students
260 _c1962
942 _hR3xG25:9, K2.1
_cTEXL
_2CC
999 _c192738
_d192738